Normal view
MARC view
- Symbolism in literature—Urdu literature
Entry Topical Term
001 - CONTROL NUMBER
- control field: 129642
003 - CONTROL NUMBER IDENTIFIER
- control field: NUST
005 - DATE AND TIME OF LATEST TRANSACTION
- control field: 20250710124158.0
008 - FIXED-LENGTH DATA ELEMENTS
- fixed length control field: 250710|| aca||aabn | a|a d
040 ## - CATALOGING SOURCE
- Original cataloging agency: NUST
- Transcribing agency: NUST
150 ## - HEADING--TOPICAL TERM
- Topical term or geographic name entry element: Symbolism in literature—Urdu literature
670 ## - SOURCE DATA FOUND
- Source citation: Work cat.: (NUST): Ahmed, Ishtiaq 89835, Jadeed Elamat Nigari/, 2018.
